<?xml version="1.0" encoding="UTF-8"?>
<record
    xmlns:xsi="http://www.w3.org/2001/XMLSchema-instance"
    xsi:schemaLocation="http://www.loc.gov/MARC21/slim http://www.loc.gov/standards/marcxml/schema/MARC21slim.xsd"
    xmlns="http://www.loc.gov/MARC21/slim">

  <leader>00770nam a22001817a 4500</leader>
  <controlfield tag="003">OSt</controlfield>
  <controlfield tag="005">20251208143914.0</controlfield>
  <controlfield tag="008">251208b        |||||||| |||| 00| 0 eng d</controlfield>
  <datafield tag="040" ind1=" " ind2=" ">
    <subfield code="c">DCL</subfield>
  </datafield>
  <datafield tag="041" ind1=" " ind2=" ">
    <subfield code="a">Myanmar</subfield>
  </datafield>
  <datafield tag="082" ind1=" " ind2=" ">
    <subfield code="a">&#x1042;&#x1049;&#x1044;.&#x1043;&#x1040;&#x1047;&#x1046;</subfield>
  </datafield>
  <datafield tag="100" ind1="1" ind2=" ">
    <subfield code="a">&#x101C;&#x102F;&#x1036;&#x1038;&#x1010;&#x1031;&#x102C;&#x103A;&#x1006;&#x101B;&#x102C;&#x1010;&#x1031;&#x102C;&#x103A;&#x104B;</subfield>
    <subfield code="9">742</subfield>
  </datafield>
  <datafield tag="245" ind1="1" ind2="0">
    <subfield code="a">&#x1015;&#x102F;&#x1005;&#x1039;&#x1006;&#x102C;&#x1015;&#x1000;&#x102D;&#x100F;&#x1039;&#x100F;&#x1000;&#x1000;&#x103B;&#x1019;&#x103A;&#x1038; /</subfield>
    <subfield code="c">&#x101C;&#x102F;&#x1036;&#x1038;&#x1010;&#x1031;&#x102C;&#x103A;&#x1006;&#x101B;&#x102C;&#x1010;&#x1031;&#x102C;&#x103A;&#x104B;</subfield>
  </datafield>
  <datafield tag="264" ind1=" " ind2=" ">
    <subfield code="a">&#x101B;&#x1014;&#x103A;&#x1000;&#x102F;&#x1014;&#x103A; &#x104A;</subfield>
    <subfield code="b">&#x1019;&#x103C;&#x1010;&#x103A;&#x1015;&#x1014;&#x103A;&#x1038;&#x101B;&#x1002;&#x102F;&#x1036;&#x1005;&#x102C;&#x1015;&#x1031;&#x104A;</subfield>
    <subfield code="c">&#x1042;&#x1040;&#x1040;&#x1048;&#x104B;</subfield>
  </datafield>
  <datafield tag="300" ind1=" " ind2=" ">
    <subfield code="a">&#x1000;&#x1036;&#x1037;&#x104A; &#x1043;&#x1046;&#x1041; &#x1005;&#x102C;&#x1019;&#x103B;&#x1000;&#x103A;&#x1014;&#x103E;&#x102C; &#x104A;</subfield>
    <subfield code="c">&#x1042;&#x1042; &#x1005;&#x1004;&#x103A;&#x1010;&#x102E;&#x104B;</subfield>
  </datafield>
  <datafield tag="650" ind1=" " ind2=" ">
    <subfield code="a">&#x1017;&#x102F;&#x1012;&#x1039;&#x1013;&#x1018;&#x102C;&#x101E;&#x102C;</subfield>
    <subfield code="x">&#x1021;&#x1019;&#x1031;&#x1038;&#x1021;&#x1016;&#x103C;&#x1031;</subfield>
  </datafield>
  <datafield tag="942" ind1=" " ind2=" ">
    <subfield code="2">ddc</subfield>
    <subfield code="c">SHORT TERM</subfield>
    <subfield code="n">0</subfield>
  </datafield>
  <datafield tag="952" ind1=" " ind2=" ">
    <subfield code="0">0</subfield>
    <subfield code="1">0</subfield>
    <subfield code="2">ddc</subfield>
    <subfield code="4">0</subfield>
    <subfield code="7">0</subfield>
    <subfield code="8">M</subfield>
    <subfield code="a">DHAM</subfield>
    <subfield code="b">DHAM</subfield>
    <subfield code="c">MMBS</subfield>
    <subfield code="d">2025-12-08</subfield>
    <subfield code="l">0</subfield>
    <subfield code="o">&#x1042;&#x1049;&#x1044;.&#x1043;&#x1040;&#x1047;&#x1046; &#x101C;&#x102F;&#x1036;&#x1038; &#x1042;&#x1041;&#x1045;</subfield>
    <subfield code="p">MB00000215</subfield>
    <subfield code="r">2025-12-08 14:40:15</subfield>
    <subfield code="w">2025-12-08</subfield>
    <subfield code="y">SHORT TERM</subfield>
    <subfield code="A">&#x1042;&#x1041;&#x1045;</subfield>
  </datafield>
  <datafield tag="999" ind1=" " ind2=" ">
    <subfield code="c">2677</subfield>
    <subfield code="d">2677</subfield>
  </datafield>
</record>
